| 000 | 00822cam a22002651a 4500 | ||
|---|---|---|---|
| 001 | 20000 | ||
| 003 | BD-RjUL | ||
| 005 | 20211209000517.0 | ||
| 008 | 140226s1961 nyu b 000 1 eng d | ||
| 035 | _a(BD-RjUL)20061 | ||
| 040 |
_aNZOC _beng _cNZOC _dBD-RjUL |
||
| 041 | 0 | _aengfre | |
| 082 | 0 | 4 |
_a841.914 _bPEC 1961 |
| 100 | 1 |
_aPerse, Saint-John. _d1887-1975. _961481 |
|
| 245 | 1 | 0 |
_aChronique / _cSaint-John Perse ; translation by Robert Fitzgerald. |
| 260 |
_aNew York : _bPantheon Books, _cc1961. |
||
| 300 |
_a60 p. ; _c27 cm. |
||
| 490 | 1 |
_aBollingen series ; _v69 |
|
| 500 | _aBiligual ed. | ||
| 504 | _aIncludes bibliographical references. | ||
| 600 | 0 |
_aSaint-John Perse, _d1887-1975 _xCriticism and interpretation. _964628 |
|
| 830 | 0 |
_v69. _964630 |
|
| 830 | 0 |
_aBollingen series ; _964632 |
|
| 942 |
_2ddc _cBK |
||
| 999 |
_c20000 _d20000 |
||